Las reservas de caja (Registro nro. 17334)

Detalles MARC
000 -LEADER
fixed length control field 00341 a2200121 4500
001 - CONTROL NUMBER
control field ART_2365
005 - DATE AND TIME OF LATEST TRANSACTION
control field 20260410161725.0
008 - FIXED-LENGTH DATA ELEMENTS--GENERAL INFORMATION
fixed length control field 260409a
100 1# - MAIN ENTRY--PERSONAL NAME
Personal name Pascale, Ricardo
245 10 - TITLE STATEMENT
Title Las reservas de caja
700 1# - ADDED ENTRY--PERSONAL NAME
Personal name Khoury, Nabil
773 0# - HOST ITEM ENTRY
Title Administración de empresas
Related parts - Año 7, Nº 82 (ene. 1977)
Record control number REV2036

No hay ítems disponibles.